00000000nam##2200000za#4500
0019.578205
003CaOODSP
00520210624185957
007cr |||||||||||
008150406|1985||||xxc|||||o    f|0| 0 eng|d
022 |a1488-5379
040 |aCaOODSP|beng
043 |an-cn---
0861 |aFs97-6/1403E-PDF
1101 |aCanada. |bDepartment of Fisheries and Oceans.
24510|aGuide to indicator fragments of principal prey taxa in the stomachs of two common Atlantic crab species, Cancer borealis Stimpson, 1859 and Cancer irroratus Say, 1817 / |h[electronic resource]|cby Robert W. Elner … [et al.]
260 |aSt. Andrews - New Brunswick : |bFisheries and Oceans Canada |c1985.
300 |a26p.|bfigs., references
4901 |aCanadian technical report of fisheries and aquatic sciences|x1488-5379|vNo. 1403
500 |aOn t.p.: Biological Station, St. Andrews, New Brunswick. The catalogue number and ISSN for the print edition appear in the PDF version.
546 |a(Résumé en français)
590 |a14-02-Supp|b2014-01-08
7201 |aElner, Robert W.
830#0|aCanadian technical report of fisheries and aquatic sciences,|x1488-5379|vNo. 1403|w(CaOODSP)9.504449
85640|ahttp://publications.gc.ca|qPDF|s1890 KB|uhttps://publications.gc.ca/collections/collection_2013/mpo-dfo/Fs97-6-1403-eng.pdf|yNo. 1403